Eksport Lengkap — 

Inscriptiones tegularum pannonicarum /

Saved in:
Bibliographic Details
Main Author: Szilágyi, János.
Format: Book
Language:Latin
Published: Budapest : Sárkány-nyomda részvénytársaság, 1933.
Series:Dissertationes pannonicae ex Instituto numismatico et archaeologico Universitatis de Petro Pázmány nominatae budapestinensis provenients. ser. 2., no. 1
Subjects:
Tags: Add Tag
No Tags, Be the first to tag this record!
LEADER 00989nam a2200217K 4500
001 006113531-3
005 20060614120642.0
008 831222s1933 hu fh 000 0 lat d
035 0 |a ocm10246430 
040 |a CIN  |c CIN  |d DDO 
043 |a e-au---  |a e-hu---  |a e-yu--- 
100 1 |a Szilágyi, János. 
245 1 0 |a Inscriptiones tegularum pannonicarum /  |c collegit Johannaes Szilágyi János. A pannoniai bélyeges téglák, írta Szilágyi János. 
260 |a Budapest :  |b Sárkány-nyomda részvénytársaság,  |c 1933. 
300 |a 110 p., 16 p. of plates :  |b facsims. ;  |c 29 cm. 
490 1 |a Dissertationes pannonicae ex Instituto numismatico et archaeologico Universitatis de Petro Pázmány nominatae budapestinensis provenients. ser. 2.,  |v no. 1 
650 0 |a Inscriptions, Latin  |z Pannonia. 
651 0 |a Pannonia  |x Antiquities. 
810 2 |a Eötvös Loránd Tudományegyetem.  |b Érem-és régiségtani intézete.  |t Dissertationes pannonicae.  |n Ser. 2 ;  |v no. 1. 
988 |a 20020608 
906 |0 OCLC